banner-ar

FLORAL PATTERNS / (Record no. 23877)

MARC details
000 -الفاتح
حقل البيانات ثابتة الطول 00427nam a2200169Ia 4500
008 - عناصر البيانات ثابتة الطول - معلومات عامة
حقل البيانات ثابتة الطول 140319s9999 xx 000 0 eng d
040 ## - مصدر الفهرسة
وكالة الفهرسة الأصلية GCL /
وكالة النسخ GCL
082 04 - رقم تصنيف ديوى العشرى
رقم التصنيف 745.4
رقم المادة L F
100 1# - المدخل الرئيسى - إسم شخصى
الإسم الشخصى LODGE,NICHOLAS
245 10 - بيان العنوان
العنوان FLORAL PATTERNS /
بيان المسئوليه,etc LODGE,NICHOLAS
260 ## - PUBLICATION, DISTRIBUTION, ETC. (IMPRINT)
تاريخ النشر أو التوزيع 1991
300 ## - الوصف المادى
التعداد 48
650 04 - المدخل الاضافى بالموضوع-مصطلح موضوعى
مصطلح موضوعي PATTERNS
650 04 - المدخل الاضافى بالموضوع-مصطلح موضوعى
مصطلح موضوعي FLORAL PATTERNS
942 ## - عناصر المدخل الإضافي( كوها)
مصدر التصنيف او مخطط الترفيف Dewey Decimal Classification
Koha [default] item type كتاب
260 ## - PUBLICATION, DISTRIBUTION, ETC. (IMPRINT)
-- [S.N] :
-- CHARLES LETTS AND COMPANY LTD ،
Holdings
حالة التراجع حالة الفقد حالة تلف ليس للاعارة المكان المؤقت الموقع الحالى تاريخ الاكتساب اجمالي اﻻعارات رقم الطلب الباركود تاريخ اخر مشاهدة تاريخ تفعيل السعر نوع وعاء كوها مصدر التصنيف او خطة الترفيف
        مكتبة القاهرة الكبرى مكتبة القاهرة الكبرى 03/26/2014   745.4\L F 42548 03/26/2014 03/26/2014 كتاب  
        مكتبة القاهرة الكبرى مكتبة القاهرة الكبرى 03/26/2014   745.4\L F 42549 03/26/2014 03/26/2014 كتاب  
        مكتبة القاهرة الكبرى مكتبة القاهرة الكبرى 03/27/2022   745.4\L F 167716 03/27/2022 03/27/2022 كتاب ddc

Powered By

EGPV